000 00534cas a22001935a 4500
001 L130938
008 050919c1964 xxkbr p 0 a0eng u
022 1 _a0009-3709
035 _a(Sirsi) u130938
041 0 _aeng
110 2 _aChartered Institute of Building
_92134
245 0 0 _aBuilding Technology and Management
260 _aAscot
_bChartered Institute of Building
_c1964-
362 _a5(1) January 1967-27(3) 1989
554 _aSix per year
651 4 _aUnited Kingdom
_y
690 _aBUILT ENVIRONMENT
942 _n0
999 _c118808
_d118808